[Event "Martorell op 23rd"]
[Site "Martorell"]
[Date "2015.09.19"]
[Round "1"]
[White "Torras Gonzalez, Pere"]
[Black "Gomez Jurado, Luis Alberto"]
[Result "0-1"]
[WhiteElo "2132"]
[BlackElo "2403"]
[PlyCount "82"]
[EventDate "2015.09.19"]
[EventType "swiss"]
[EventRounds "8"]
[EventCountry "ESP"]
[SourceTitle "EXT 2017"]
[Source "ChessBase"]
[SourceDate "2016.10.25"]
[SourceVersion "1"]
[SourceVersionDate "2016.10.25"]
[SourceQuality "1"]

1. e4 c6 2. d4 d5 3. e5 Bf5 4. g4 Bd7 5. f4 h5 6. g5 e6 7. c3 c5 8. Be3 Ne7 9. Bd3 cxd4 10. cxd4 Nbc6 11. Nc3 Qb6 12. Nb5 Nxe5 13. Nd6+ Qxd6 14. fxe5 Qb4+ 15. Qd2 Qb6 16. Ne2 Bb5 17. 0-0 Bxd3 18. Qxd3 g6 19. a3 Nf5 20. Bf2 h4 21. Nf4 Be7 22. Nh3 Rc8 23. Rfc1 0-0 24. b4 a6 25. Kg2 Rc6 26. Rxc6 Qxc6 27. Kf3 Rc8 28. Kg4 Qc2 29. Rd1 Qb2 30. Rd2 Rc3 31. Rxb2 Rxd3 32. Nf4 Rxa3 33. b5 a5 34. Rc2 Rb3 35. Rc8+ Kg7 36. Rc7 Rxb5 37. Bxh4 a4 38. Bf2 a3 39. Rc8 Rb2 40. Kf3 a2 41. Ra8 Rb3+ 0-1